| 000 | 00728nam a22002057a 4500 | ||
|---|---|---|---|
| 999 |
_c19893 _d19893 |
||
| 003 | AR-CdUCM | ||
| 008 | 190523b ||||| |||| 00| 0 spa d | ||
| 040 |
_aMUNICIPALIDAD PROVINCIAL DEL CUSCO _cBIBLIOTECA MUNICIPAL DEL CUSCO |
||
| 082 |
_a868.9009 / _bS21 |
||
| 100 |
_aSanchez Saez, Braulio _941589 |
||
| 245 | _aVieja y nueva literatura del Brasil / | ||
| 260 |
_aChile : _bErcilla, _c1935. |
||
| 300 |
_a242 páginas ; _c25 cm. |
||
| 440 |
_aBiblioteca Americana _nvol. XIV _941590 |
||
| 505 | _aContenido : Lo heroico -- La naturaleza -- El siglo XVII y la colonización... | ||
| 650 |
_aHistoria literaria de Brasil _941591 |
||
| 650 |
_aProsistas del periodo romántico _941592 |
||
| 942 |
_2ddc _cLIBROS |
||
| 945 | _arcc | ||